| 000 | 00806na a2200217 4500 | ||
|---|---|---|---|
| 001 | 23379 | ||
| 003 | MIRAKIL | ||
| 005 | 20181213154803.0 | ||
| 008 | 170919b tu 000 0 | ||
| 040 |
_aMilas _btur _cTR-AnCHP |
||
| 041 | _atur | ||
| 082 |
_a333.793215 _bA92 2000 |
||
| 090 | _a333.793215 A92 2000 | ||
| 245 |
_aAydınlık Türkiye için elektrik enerjisinde ulusal politika _b2000 yılında Türkiye'de elektrik enerjisinde mevcut durum sorunlar ve çözüm önerileri _cHüseyin Arabul, Nevin Selçuk |
||
| 260 |
_aAnkara _bAnkara Sanayi Odası _bİstanbul Sanayi Odası _c2000 |
||
| 300 |
_a108 s. _btbl.; grf. _c24 sm. |
||
| 504 | _aKaynakça var. | ||
| 650 |
_aElektrik enerjisi _xUlusal politikalar _yRaporlar |
||
| 650 |
_aEkonomi _xDoğal kaynaklar _yElektrik enerjisi |
||
| 942 |
_2dcc _cBKS |
||
| 999 |
_c829 _d829 |
||